000 00211 a2200097 4500
001 26832
100 _aArmstrong, H.C
245 _aGrey walf mustafa kemal
260 _a
_bGosha-e-Adab
_c
090 _c18065
_d18065
942 _aNUST-CAE
_cM
_c8964
999 _c261905
_d261905